Tạp chí khoa học và kinh tế phát triển Số 3
Trong số này có nội dung trong lĩnh vực giáo dục và đào tạo; Tài chính- quản trị kinh doanh; Khoa học - kỹ thuật - công nghệ.
Bewaard in:
| Formaat: | Boek |
|---|---|
| Taal: | Vietnamese |
| Gepubliceerd in: |
Cần Thơ
Trường Đại học Nam Cần Thơ
2018
|
| Onderwerpen: | |
| Tags: |
Voeg label toe
Geen labels, Wees de eerste die dit record labelt!
|
| Thư viện lưu trữ: | Thư viện Trường Đại học Nam Cần Thơ |
|---|
| LEADER | 00919nam a22002057a 4500 | ||
|---|---|---|---|
| 001 | NCT_128639 | ||
| 008 | 220513b xxu||||| |||| 00| 0 vie d | ||
| 999 | |c 6596 |d 6596 | ||
| 022 | |a 2588-1272 | ||
| 041 | |a vie | ||
| 082 | 0 | 4 | |2 23rd ed. |a 378 |b T109C |
| 245 | 0 | 0 | |a Tạp chí khoa học và kinh tế phát triển |n Số 3 |c Trường Đại học Nam Cần Thơ |
| 260 | |a Cần Thơ |b Trường Đại học Nam Cần Thơ |c 2018 | ||
| 300 | |c 26cm | ||
| 362 | |a 12/2018 | ||
| 520 | 3 | |a Trong số này có nội dung trong lĩnh vực giáo dục và đào tạo; Tài chính- quản trị kinh doanh; Khoa học - kỹ thuật - công nghệ. | |
| 655 | |a Tạp chí | ||
| 942 | |2 ddc |c CR | ||
| 952 | |0 0 |1 0 |2 ddc |4 0 |6 378_000000000000000_T109C |7 0 |9 24359 |a 000001 |b 000001 |d 2022-05-30 |o 378 T109C |r 2022-05-30 |w 2022-05-30 |y CR | ||
| 980 | |a Thư viện Trường Đại học Nam Cần Thơ | ||